LIBRARY & INFORMATION CENTRE, KCAET, TAVANUR

ONLINE PUBLIC ACCESS CATALOGUE (OPAC)

Text book of workshop technology (Manufacturing Processes) / (Record no. 14826)

MARC details
000 -LEADER
fixed length control field 00410cam a2200145ua 4500
020 ## - INTERNATIONAL STANDARD BOOK NUMBER
ISBN 9788121908689
082 ## - DEWEY DECIMAL CLASSIFICATION NUMBER
Classification number 621.7
Item number KHU/TE
100 ## - MAIN ENTRY--AUTHOR NAME
Personal name Khurmi, R.S .
245 ## - TITLE STATEMENT
Title Text book of workshop technology (Manufacturing Processes) /
250 ## - EDITION STATEMENT
Edition statement 6 /
260 ## - PUBLICATION, DISTRIBUTION, ETC. (IMPRINT)
Place of publication New Delhi :
Name of publisher Nirja Construction & Development Co (p) Ltd ,
Year of publication 2015.
300 ## - PHYSICAL DESCRIPTION
Number of Pages 552 ; .
700 1# - ADDED ENTRY--PERSONAL NAME
Personal name Gupta, J K
942 ## - ADDED ENTRY ELEMENTS (KOHA)
Koha item type Books
Holdings
Withdrawn status Lost status Damaged status Collection code Home library Current library Shelving location Date acquired Source of acquisition Cost, normal purchase price Full call number Accession Number Koha item type
        KAUAET KAUAET General Stacks 30/03/2017 Aman Books 450.00 621.7 KHU/TE 25480 Books
        KAUAET KAUAET General Stacks 30/03/2017 Aman Books 450.00 621.7 KHU/TE 25481 Books
free website counter